| 000 | 00725nam a22002417a 4500 | ||
|---|---|---|---|
| 005 | 20170124105927.0 | ||
| 010 | _a712252 | ||
| 020 | _c00.00 | ||
| 035 | _a712252 | ||
| 037 | _bCen Lib/Ret | ||
| 040 |
_aDPL _bEN |
||
| 082 |
_a327.54 _bBRO |
||
| 100 |
_aBrown, W. Norman _96999 |
||
| 245 |
_aThe united states and India, Pakistan, Bangladesh / _cby W. norman Brown |
||
| 246 | _b | ||
| 260 |
_bHarvard University Press _c1972 _aCambridge |
||
| 270 | _bCambridge | ||
| 300 |
_aix,462p. _c23m(Hb) |
||
| 500 | _a Includes appendix, bibliographical references and index | ||
| 650 |
_aForeign relation _zIndia-USA-Pak _97000 |
||
| 650 |
_aRural poverty _915493 |
||
| 942 |
_2ddc _cEN _h327.54 _mBRO |
||
| 999 |
_c123579 _d123579 |
||